000 00628nam a2200181 i 4500
001 46263
003 ES-MaACL
005 20251001145213.0
007 t|
008 030328s1858 fr ||||1| fre d
100 1 _aCombes, François.
_939971
245 1 3 _aLa princesse des Ursines
_b: essai sur sa vie et son caractere politique d'apres de nombreux documents inedits /
_cFrançois Combes.
260 _aParis :
_b[s.n.,
_c1858] (
_fSimon Raçon et Comp.)
300 _aII, 568 p. ;
_c21 cm.
600 1 7 _aUrsins, Marie-Anne de La Tremoille,
_cPricesse des
_2
_9128530
852 _aES-MaACL
_jC-356
999 _c46263
_d46263